Morceaux de Childish Gambino - Mort Subite - Statistiques

Statistiques générales
  • Ce quiz a été pris 35 fois
  • Le résultat moyen est 9 sur 16
Answers on the Grid
Answers color-coded by a green-red scale on the quiz's grid according to % correct below.
Redbone
3005
Sweatpants
This Is America
Me and Your Mama
Summertime Magic
Psilocybae
Telegraph Ave ("Oakland")
Sober
The Worst Guys
Feels Like Summer
Bonfire
Zombies
Les
Shadows
Terrified
Mahogany Skin
Algorithm Child
Boys Don’t Heal
Midday Mirage
My iPhone Is Crying
Church On Saturn
Red Vines & Blue Light
Shadow Profile
We Killed the Weekend
Static Rain
Funk You Forever
404 Love Error
Softest Weapon
Nobody Dances at Home
Earth, With You
No Luck
 
Statistiques - réponses
Réponse % Correct
Les
83%
3005
79%
Redbone
75%
This Is America
75%
Bonfire
71%
Feels Like Summer
67%
Terrified
67%
Me and Your Mama
63%
Zombies
58%
Sober
54%
Sweatpants
54%
Telegraph Ave ("Oakland")
54%
The Worst Guys
50%
Psilocybae
33%
Summertime Magic
33%
Shadows
21%
Aucun quiz correspondant
Distribution des résultats
% des personnes avec chaque résultat
Percentile par nombre de réponses
Votre historique - résultats
Vous n’avez pas pris ce quiz